000 00506nam a22001695i 4500
001 152308
003 ES-MaACL
005 20230906204631.0
008 051017q19001910fr | |||||||| ||fre d
040 _aCAM
_bspa
_cCAM
100 1 _aBoissière, Albert.
_929871
245 1 0 _aZ... le tueur a la corde /
_cAlbert Boissière.
260 _aParis :
_bPierre Lafitte & C.,
_c[s.a.]
300 _a368 p. ;
_c19 cm.
596 _aProbablemente imp. ca. 1900-1910.
852 _aES-MaACL
_jC-3060
_z-- Enc. hol.
999 _c152308
_d152308